00429nam a2200133Ia 4500008004100000041000800041082001700049100001500066245012200081260002000203300003100223365001700254700002400271230718s9999 xx 000 0 und d aeng a621.395bLIU aLiu K.J.R. aHigh-Performance VLSI Signal Processing Innovative Architectures And Algorithms Vol.2bSystem Design And Applications c1998bIEE Press a681dRef 1140 E ME (32393) cRs.b8448.00 aLiu K.J.R. & Yao K.